[Event "Turkish Cup 2016"]
[Site "Manavgat TUR"]
[Date "2016.02.03"]
[Round "7.48"]
[White "Cubukcu, Berkin"]
[Black "Karaahmetoglu, Ege"]
[Result "1/2-1/2"]
[WhiteElo "1753"]
[BlackElo "2017"]
[WhiteTeam "ANKARA"]
[BlackTeam "ANKARA"]
[WhiteFideId "6351190"]
[BlackFideId "6361145"]
[EventDate "2016.01.30"]

1. e4 e5 2. Nf3 Nc6 3. Bc4 Bc5 4. d3 Nf6 5. c3 d6 6. O-O a6 7. Bb3 Ba7 8. h3 h6
9. Re1 O-O 10. Nbd2 Nh5 11. Nf1 Qf6 12. Be3 Nf4 13. Bxa7 Rxa7 14. Ne3 g5 15. Nd5
Nxd5 16. Bxd5 Ne7 17. Bb3 Ng6 18. Nh2 Nf4 19. Qf3 h5 20. Rad1 c5 21. Kh1 Kg7 22.
Qg3 Rg8 23. Qe3 b6 24. d4 g4 25. dxe5 dxe5 26. h4 Bb7 27. g3 Nh3 28. Re2 Rd8 29.
Rxd8 Qxd8 30. Rd2 Qe7 31. Bd5 Bc8 32. Kg2 Rd7 33. Nf1 f5 34. exf5 Rxd5 35. Rxd5
Bb7 36. Qe4 Kf6 37. Ne3 b5 38. b3 1/2-1/2

[Event "Turkish Cup 2016"]
[Site "Manavgat TUR"]
[Date "2016.02.04"]
[Round "8.1"]
[White "Yilmazyerli, Mert"]
[Black "Firat, Burak"]
[Result "1/2-1/2"]
[WhiteTitle "IM"]
[BlackTitle "IM"]
[WhiteElo "2438"]
[BlackElo "2452"]
[WhiteTeam "KAYSERI"]
[BlackTeam "ISTANBUL"]
[WhiteFideId "6305962"]
[BlackFideId "6305881"]
[EventDate "2016.01.30"]

1. d4 d5 2. c4 e6 3. Nc3 Nf6 4. Nf3 Bb4 5. Bg5 h6 6. Bxf6 Qxf6 7. e3 O-O 8. Rc1
dxc4 9. Bxc4 c5 10. O-O cxd4 11. Nxd4 Bd7 12. Qb3 Nc6 13. Nxc6 Bxc3 14. Rxc3
Bxc6 15. Bb5 Bd5 16. Bc4 Bc6 17. Bb5 Bd5 18. Bc4 Bc6 1/2-1/2

[Event "Turkish Cup 2016"]
[Site "Manavgat TUR"]
[Date "2016.02.04"]
[Round "8.2"]
[White "Soysal, Serkan"]
[Black "Haznedaroglu, Kivanc"]
[Result "1/2-1/2"]
[WhiteTitle "FM"]
[BlackTitle "GM"]
[WhiteElo "2349"]
[BlackElo "2467"]
[WhiteTeam "KAHRAMANMARAS"]
[BlackTeam "MANISA"]
[WhiteFideId "6349250"]
[BlackFideId "6300634"]
[EventDate "2016.01.30"]

1. Nf3 g6 2. d4 Bg7 3. c4 c6 4. Nc3 d6 5. h3 Nd7 6. e4 Qc7 7. Be3 Ngf6 8. Be2
O-O 9. g4 e5 10. d5 Nc5 11. Nd2 a5 12. g5 Nfd7 13. h4 a4 14. a3 f5 15. h5 Rf7
16. h6 Bf8 17. exf5 Rxf5 18. Nde4 Nb3 19. Rb1 Ndc5 20. Bg4 Nxe4 21. Nxe4 Qa5+
22. Kf1 cxd5 23. Qxd5+ Qxd5 24. cxd5 Be7 25. Bxf5 gxf5 26. Nf6+ Bxf6 27. gxf6 f4
28. Rg1+ Kf7 29. Rg7+ Kxf6 30. Bb6 Bf5 31. Re1 Nd2+ 32. Ke2 Nc4 33. Bc7 b5 34.
f3 Re8 35. Rc1 e4 36. Rxc4 exf3+ 37. Kxf3 bxc4 38. Bxd6 Be4+ 39. Kxf4 Bxd5 40.
Rxh7 Kg6 41. Ra7 Ra8 42. Rxa8 Bxa8 43. Bf8 Bc6 44. Ke5 Bf3 45. Kd4 Bd1 46. Ke4 1/2-1/2

[Event "Turkish Cup 2016"]
[Site "Manavgat TUR"]
[Date "2016.02.04"]
[Round "8.3"]
[White "Ali Marandi, Cemil Can"]
[Black "Yurtseven, Melih"]
[Result "1-0"]
[WhiteTitle "IM"]
[BlackTitle "FM"]
[WhiteElo "2450"]
[BlackElo "2332"]
[WhiteTeam "HATAY"]
[BlackTeam "KAYSERI"]
[WhiteFideId "6300529"]
[BlackFideId "6312160"]
[EventDate "2016.01.30"]

1. e4 g6 2. d4 Bg7 3. Nc3 d6 4. f4 a6 5. Be2 b5 6. Bf3 Bb7 7. Nh3 Qc8 8. O-O Nh6
9. f5 c5 10. dxc5 dxc5 11. Be3 Nd7 12. Qd2 Ng8 13. Rad1 Ne5 14. Nd5 Nc4 15. Qf2
Bxd5 16. exd5 Nxe3 17. Qxe3 Ra7 18. b4 Nf6 19. bxc5 O-O 20. c6 Rc7 21. fxg6 hxg6
22. Qe2 e6 23. dxe6 Qxe6 24. Qxe6 fxe6 25. Nf4 Re8 26. Nxg6 Nd5 27. Rfe1 Kf7 28.
Bh5 1-0

[Event "Turkish Cup 2016"]
[Site "Manavgat TUR"]
[Date "2016.02.04"]
[Round "8.4"]
[White "Dogan, Ali Ekber"]
[Black "Erdogdu, Mert"]
[Result "1/2-1/2"]
[BlackTitle "IM"]
[WhiteElo "2140"]
[BlackElo "2438"]
[WhiteTeam "MALATYA"]
[BlackTeam "ISTANBUL"]
[WhiteFideId "6304540"]
[BlackFideId "6301495"]
[EventDate "2016.01.30"]

1. d4 Nf6 2. c4 e6 3. g3 d5 4. Nf3 c5 5. cxd5 exd5 6. Bg2 Nc6 7. O-O Be7 8. dxc5
Bxc5 9. Bg5 O-O 10. e3 h6 11. Bxf6 Qxf6 12. Nc3 Rd8 13. Rc1 Be6 14. Nb5 Bb6 15.
Nbd4 Bg4 16. Qd2 Rac8 17. b4 a6 18. a3 Bh5 19. Nxc6 bxc6 20. Nd4 c5 21. Bh3 cxd4
22. Rxc8 Rxc8 23. Bxc8 dxe3 24. fxe3 Qe5 25. Kh1 Bxe3 26. Qd3 d4 27. Qf5 Qxf5
28. Bxf5 Be2 29. Kg2 Bxf1+ 30. Kxf1 Bc1 31. a4 Ba3 32. b5 axb5 33. axb5 Bc5 34.
Ke2 Kf8 35. Kd3 Ke7 36. Kc4 Kd6 37. Bh7 Ba7 38. Bb1 Ke5 39. Kd3 f5 40. Ke2 g5
41. h3 h5 42. Bd3 g4 43. hxg4 hxg4 44. Kf2 f4 45. Kg2 Bb6 46. Kf2 Bc7 47. Kg2
Kd5 48. b6 Bb8 49. gxf4 Bxf4 50. Bf5 g3 51. Bd3 Kc5 52. Kf3 Kxb6 53. Bf1 Bd6 54.
Ke4 Kc5 55. Kd3 Bf4 56. Bg2 Be5 57. Bh1 Kb4 58. Bd5 Ka3 59. Kc2 Bf6 60. Bg2 Kb4
61. Bd5 Kc5 62. Bg2 Kc4 63. Bf1+ Kd5 64. Bg2+ Ke5 65. Kd3 Kf4 66. Ke2 Bd8 67.
Kd3 Bb6 68. Ke2 Ba5 69. Kd3 Ke5 70. Bf3 Be1 71. Bg2 Bf2 72. Kc4 Kd6 73. Bh1 Kc7
74. Bg2 Kb6 75. Bh1 Ka5 76. Bc6 Be3 77. Bd5 Ka4 78. Kd3 Kb4 79. Kc2 Ka3 80. Bg2
Kb4 81. Bf1 Bg1 82. Bg2 Kc4 83. Bf1+ Kd5 84. Kd3 Be3 85. Bg2+ Ke5 86. Ke2 Kf4
87. Kd3 Kg4 88. Ke4 Bf2 89. Kd3 Kf4 90. Ke2 Kg4 91. Kd3 Kf4 92. Ke2 Kg4 93. Kd3
Kf4 94. Ke2 1/2-1/2

[Event "Turkish Cup 2016"]
[Site "Manavgat TUR"]
[Date "2016.02.04"]
[Round "8.5"]
[White "Kerigan, Demre"]
[Black "Gokerkan, Cem Kaan"]
[Result "1/2-1/2"]
[WhiteTitle "IM"]
[WhiteElo "2378"]
[BlackElo "2220"]
[WhiteTeam "ISTANBUL"]
[BlackTeam "ISTANBUL"]
[WhiteFideId "6307841"]
[BlackFideId "6336760"]
[EventDate "2016.01.30"]

1. e4 c5 2. Nf3 d6 3. Bb5+ Nd7 4. d4 cxd4 5. Qxd4 a6 6. Bxd7+ Bxd7 7. O-O e5 8.
Qd3 h6 9. c4 b5 10. Nc3 bxc4 11. Qxc4 Nf6 12. Rd1 Be7 13. Nd2 O-O 14. Nf1 Be6
15. Qd3 Qa5 16. Ne3 Rfc8 17. Bd2 Qb6 18. Rab1 Rab8 19. Be1 Bf8 20. Kh1 Ng4 21.
Nxg4 Bxg4 22. Rd2 Be6 23. b3 Rc6 24. Rc1 Rbc8 25. Rdd1 Be7 26. Na4 Qb7 27. Rxc6
Rxc6 28. Nc3 Qc8 29. Bd2 Bd8 30. f3 Bb6 31. Rc1 Bd7 32. Qf1 Kh7 33. Nd5 Ba7 34.
Be3 Bxe3 35. Rxc6 Qxc6 36. Nxe3 Qc3 37. Nc4 Bb5 38. h3 a5 39. Qe2 a4 40. Qd2
Qa1+ 41. Kh2 Bxc4 42. bxc4 a3 43. Qxd6 Qxa2 44. c5 Qb1 45. Qxe5 a2 46. Qf5+ 1/2-1/2

[Event "Turkish Cup 2016"]
[Site "Manavgat TUR"]
[Date "2016.02.04"]
[Round "8.6"]
[White "Metin, Mehmet"]
[Black "Arat, Ufuk Sezen"]
[Result "0-1"]
[BlackTitle "IM"]
[WhiteElo "2149"]
[BlackElo "2421"]
[WhiteTeam "ORDU"]
[BlackTeam "ISTANBUL"]
[WhiteFideId "6303730"]
[BlackFideId "6309089"]
[EventDate "2016.01.30"]

1. Nf3 g6 2. c4 Bg7 3. Nc3 c5 4. g3 Nc6 5. Bg2 e5 6. O-O Nge7 7. d3 O-O 8. a3 d6
9. Rb1 a5 10. Ne1 Be6 11. Nd5 Rb8 12. a4 Nb4 13. Nxe7+ Qxe7 14. Bd2 Qd7 15. Bc3
f5 16. b3 g5 17. e3 f4 18. d4 cxd4 19. exd4 Bf5 20. dxe5 Bxb1 21. Bxb4 Bxe5 22.
Nf3 axb4 23. Nxe5 Qe7 24. Bd5+ Kg7 25. Nd7 Qxd7 26. Qd4+ Rf6 27. Rxb1 Re8 28.
Rd1 Qc7 29. gxf4 gxf4 30. Kh1 Re5 31. Bf3 b6 32. Rg1+ Rg6 33. Qxf4 Rxg1+ 34.
Kxg1 Qf7 35. Qg3+ Qg6 36. Qxg6+ Kxg6 37. Kf1 Kg5 38. Bc6 Kf4 39. h3 Rh5 40. Bd7
Ke4 41. Ke2 Rg5 42. Bg4 h5 43. Bd7 Rg1 44. Be8 h4 45. Bh5 Ra1 46. Bg6+ Kf4 47.
Bf7 Ra2+ 48. Kf1 Rb2 49. Kg2 Re2 50. Kf1 Re7 51. Bg6 Rg7 52. Bh5 Ke4 53. Bg4 Kd3
54. Be6 Re7 55. Bd5 Re8 56. Kg2 Rf8 57. Be6 Rf6 58. Bd5 Ke2 59. Be4 Rxf2+ 0-1

[Event "Turkish Cup 2016"]
[Site "Manavgat TUR"]
[Date "2016.02.04"]
[Round "8.7"]
[White "Sevgi, Volkan"]
[Black "Apaydin, Fethi"]
[Result "1/2-1/2"]
[WhiteTitle "FM"]
[BlackTitle "FM"]
[WhiteElo "2197"]
[BlackElo "2234"]
[WhiteTeam "MERSIN"]
[BlackTeam "ISTANBUL"]
[WhiteFideId "6325335"]
[BlackFideId "6302521"]
[EventDate "2016.01.30"]

1. d4 Nf6 2. Nf3 g6 3. g3 Bg7 4. Bg2 O-O 5. c4 d6 6. O-O Nc6 7. Nc3 a6 8. b3 Rb8
9. a4 e5 10. dxe5 dxe5 11. Ba3 Re8 12. e4 Bg4 13. Qb1 Bxf3 14. Bxf3 Nd4 15. Bg2
c6 16. Ra2 a5 17. Ne2 Bf8 18. Nxd4 Qxd4 19. Rd1 Qb6 20. Bxf8 Kxf8 21. Rad2 Red8
22. c5 Qc7 23. Qb2 Rxd2 24. Rxd2 Qe7 25. Qc3 Nd7 26. Rc2 Ra8 27. Rc1 Nf6 28. h3
Kg8 29. Rd1 Nd7 30. Rd6 Nf6 31. f4 Ne8 32. Rd1 exf4 33. gxf4 Rd8 34. Rxd8 Qxd8
35. Qe5 Ng7 36. f5 f6 37. Qf4 Qe7 38. Qb8+ Kf7 39. Bf1 Nh5 40. Bc4+ Kg7 41. Qg8+
Kh6 42. fxg6 Qxc5+ 43. Kf1 hxg6 44. h4 g5 45. Qh8+ Kg6 46. Qg8+ Kh6 47. Qh8+ Kg6
48. Qg8+ Kh6 49. Qh8+ Kg6 50. Qg8+ Kh6 51. Qh8+ Kg6 52. Qg8+ Kh6 53. Qh8+ Kg6
54. Qg8+ Kh6 1/2-1/2

[Event "Turkish Cup 2016"]
[Site "Manavgat TUR"]
[Date "2016.02.04"]
[Round "8.8"]
[White "Eminov, Orkhan"]
[Black "Akdogan, Alperen"]
[Result "1-0"]
[WhiteTitle "FM"]
[WhiteElo "2263"]
[BlackElo "2114"]
[WhiteTeam "ANKARA"]
[BlackTeam "ISTANBUL"]
[WhiteFideId "13402153"]
[BlackFideId "6347363"]
[EventDate "2016.01.30"]

1. e4 c6 2. Nf3 d5 3. exd5 cxd5 4. Ne5 Nf6 5. d4 Nc6 6. c3 Bf5 7. Nd2 e6 8. g4
Be4 9. f3 Nd7 10. h4 Ndxe5 11. dxe5 Be7 12. fxe4 Bxh4+ 13. Ke2 Nxe5 14. Qa4+ Nc6
15. Nf3 Be7 16. Be3 Qc7 17. exd5 exd5 18. Qf4 Bd6 19. Qg5 f6 20. Qf5 Qe7 21. Nd4
Ne5 22. g5 Nc4 23. Rh3 Be5 24. gxf6 Qxf6 25. Qxf6 Bxf6 26. b3 Ne5 27. Nf3 Ng6
28. Kd2 O-O 29. Bd3 Rac8 30. Rc1 Rfe8 31. Bxg6 hxg6 32. Bd4 Re4 33. Bxf6 gxf6
34. Rch1 Kf7 35. Rh7+ Ke6 36. Rxb7 Kf5 37. Nh4+ Kg5 38. Rg1+ 1-0

[Event "Turkish Cup 2016"]
[Site "Manavgat TUR"]
[Date "2016.02.04"]
[Round "8.9"]
[White "Koc, Ilkay"]
[Black "Ozkan, Ervin"]
[Result "1/2-1/2"]
[WhiteElo "2045"]
[BlackElo "2242"]
[WhiteTeam "BURSA"]
[BlackTeam "BURSA"]
[WhiteFideId "6304486"]
[BlackFideId "6306004"]
[EventDate "2016.01.30"]

1. d4 d5 2. c4 c6 3. Nf3 Nf6 4. Nc3 a6 5. e3 b5 6. cxd5 cxd5 7. Qb3 e6 8. Bd3
Nc6 9. O-O Be7 10. Qd1 Bb7 11. Ne2 O-O 12. Nf4 Bd6 13. Qe2 Ne4 14. g3 1/2-1/2

[Event "Turkish Cup 2016"]
[Site "Manavgat TUR"]
[Date "2016.02.04"]
[Round "8.10"]
[White "Okus, Melih"]
[Black "Baglan, Esat"]
[Result "1/2-1/2"]
[BlackTitle "FM"]
[WhiteElo "2013"]
[BlackElo "2238"]
[WhiteTeam "IZMIR"]
[BlackTeam "ISTANBUL"]
[WhiteFideId "6305407"]
[BlackFideId "6309216"]
[EventDate "2016.01.30"]

1. e4 c5 2. Nf3 d6 3. d4 cxd4 4. Nxd4 Nf6 5. Nc3 Nc6 6. Nde2 g6 7. g3 Bg7 8. Bg2
O-O 9. O-O Rb8 10. a4 a6 11. h3 b5 12. axb5 axb5 13. f4 b4 14. Nd5 Nxd5 15. exd5
Qb6+ 16. Kh2 Na5 17. f5 Bxf5 18. Rxf5 gxf5 19. Nf4 Nc4 20. Qd3 Ne5 21. Qe2 Rfc8
22. Be3 Qc7 23. Rc1 Ng6 24. Nd3 Qd7 25. Rf1 Rc7 26. Rf2 Qb5 27. h4 Rbc8 28. Qd1
Qa4 29. h5 Rxc2 30. hxg6 hxg6 31. Nxb4 Qxb4 32. Rxc2 Rxc2 33. Qxc2 Qxb2 34. Qc8+
Kh7 35. Qc4 Bf6 1/2-1/2

[Event "Turkish Cup 2016"]
[Site "Manavgat TUR"]
[Date "2016.02.04"]
[Round "8.11"]
[White "Demircioglu, Emre"]
[Black "Tirak, Mert"]
[Result "1-0"]
[WhiteElo "2207"]
[BlackElo "1915"]
[WhiteTeam "ISTANBUL"]
[BlackTeam "ADANA"]
[WhiteFideId "6301878"]
[BlackFideId "6311830"]
[EventDate "2016.01.30"]

1. Nf3 Nf6 2. c4 g6 3. b3 Bg7 4. Bb2 O-O 5. g3 d6 6. Bg2 c6 7. d3 Nbd7 8. O-O
Qc7 9. Nc3 b6 10. d4 Bb7 11. Rc1 Rfe8 12. d5 c5 13. Qd2 a6 14. a4 a5 15. Nb5 Qd8
16. Ne1 Nh5 17. Bxg7 Nxg7 18. Nd3 Nf8 19. Nf4 f6 20. h4 Bc8 21. Bf3 Bd7 22. Nc3
Nf5 23. e3 Rb8 24. Kg2 Qc8 25. Rh1 Nh6 26. Be2 Nf7 27. Nb5 Bxb5 28. axb5 Ne5 29.
h5 g5 30. Nd3 Nxd3 31. Qxd3 e5 32. dxe6 Qxe6 33. Rcd1 Rbd8 34. Bf3 Qe5 35. Rd2
f5 36. Qc2 f4 37. Rd5 Qe7 38. exf4 gxf4 39. Rh4 Ne6 40. Rg4+ Kh8 41. Qb2+ Nd4
42. Rxf4 Rf8 43. Rdxd4 cxd4 44. Qxd4+ Qe5 45. Rxf8+ Rxf8 46. Qxb6 Qc3 47. Bd5
Qd2 48. Qa7 h6 49. Be4 1-0

[Event "Turkish Cup 2016"]
[Site "Manavgat TUR"]
[Date "2016.02.04"]
[Round "8.12"]
[White "Koksal, Ege"]
[Black "Sakir, Ridvan"]
[Result "1-0"]
[WhiteTitle "FM"]
[WhiteElo "2331"]
[BlackElo "2093"]
[WhiteTeam "MANISA"]
[BlackTeam "ADANA"]
[WhiteFideId "6317626"]
[BlackFideId "6365434"]
[EventDate "2016.01.30"]

1. d4 Nf6 2. c4 e6 3. Nc3 Bb4 4. Qc2 O-O 5. Bg5 h6 6. Bh4 d6 7. e3 Nbd7 8. Ne2
c5 9. a3 Ba5 10. Rd1 Qe7 11. Nc1 Bxc3+ 12. Qxc3 b6 13. Be2 Bb7 14. O-O Rac8 15.
f3 Rfd8 16. dxc5 Rxc5 17. Nb3 Rcc8 18. Qb4 Nc5 19. Nxc5 Rxc5 20. e4 e5 21. Rd2
Bc8 22. Qa4 Rc7 23. Rfd1 g5 24. Bf2 Be6 25. Qb4 Ne8 26. a4 Rdc8 27. b3 Rb7 28.
Rd3 Qc7 29. Qa3 a5 30. Qb2 Qb8 31. Qd2 f6 32. Be3 Rg7 33. Kf2 Rc6 34. g3 Qb7 35.
f4 Rcc7 36. Bf3 Bd7 37. f5 Bc6 38. Bh5 Rgf7 39. Bxf7+ Rxf7 40. Rd5 Kg7 41. Qe2
Bxd5 42. cxd5 Nc7 43. Rc1 Na6 44. Rc6 Nc5 45. Bxc5 bxc5 46. Qb5 Rd7 47. Rb6 Qc7
48. Ke2 h5 49. Kd3 Qd8 50. Qxa5 Kh6 51. Qb5 g4 52. a5 Ra7 53. a6 h4 54. Rb7 Ra8
55. a7 hxg3 56. hxg3 Qg8 57. Qd7 Rf8 58. Kc4 Rd8 59. Qf7 Qh8 60. Qg6# 1-0

[Event "Turkish Cup 2016"]
[Site "Manavgat TUR"]
[Date "2016.02.04"]
[Round "8.14"]
[White "Burcu, Cagatay"]
[Black "Sumer, Gun"]
[Result "1-0"]
[WhiteElo "2193"]
[BlackElo "1969"]
[WhiteTeam "ANTALYA"]
[BlackTeam "SIVAS"]
[WhiteFideId "6310630"]
[BlackFideId "6311784"]
[EventDate "2016.01.30"]

1. d4 Nf6 2. Nf3 e6 3. c4 b6 4. g3 Ba6 5. Qa4 Bb7 6. Bg2 c5 7. dxc5 Bxc5 8. O-O
O-O 9. Nc3 Be7 10. Rd1 Na6 11. Bf4 Nc5 12. Qc2 Qc8 13. Rac1 Nce4 14. Nxe4 Bxe4
15. Qb3 Qb7 16. Ne1 Bxg2 17. Nxg2 Rac8 18. g4 d5 19. Qf3 h6 20. h4 Qa8 21. g5
hxg5 22. hxg5 Ne4 23. cxd5 exd5 24. Qg4 Rxc1 25. Rxc1 Bc5 26. e3 Qe8 27. a3 a5
28. Nh4 Qe6 29. Qxe6 fxe6 30. Ng6 Rf5 31. Rxc5 Nxc5 32. Ne7+ Kf7 33. Nxf5 exf5
34. Bc7 Na4 35. Be5 g6 36. Bd4 Ke6 37. b4 axb4 38. axb4 Kd6 39. Kg2 Ke6 40. Kf3
Kd6 41. Ba1 b5 42. Bd4 Ke6 43. Ke2 Kd6 44. Kd3 Kc6 45. f3 Kd6 46. Ba7 Nb2+ 47.
Kd4 Nd1 48. Bb8+ Ke6 49. Bg3 Nb2 50. Kc5 Nc4 51. Bf4 Nd2 52. Kxb5 Nxf3 53. Kc5
Ne1 54. b5 Nd3+ 55. Kd4 Nb4 56. Kc5 Nd3+ 57. Kd4 Nb4 58. b6 Nc6+ 59. Kc5 Nd8 60.
Bc7 Nb7+ 61. Kc6 Na5+ 62. Kb5 Nb7 63. Ka6 Nc5+ 64. Ka7 Nd7 65. Bf4 d4 66. exd4
Kd5 67. Be3 Ke4 68. Bg1 f4 69. b7 Kf5 70. b8=Q Nxb8 71. Kxb8 Kxg5 72. d5 1-0

[Event "Turkish Cup 2016"]
[Site "Manavgat TUR"]
[Date "2016.02.04"]
[Round "8.15"]
[White "Yilmaz, Goktan"]
[Black "Marasli, Tutku Kahraman"]
[Result "1/2-1/2"]
[WhiteElo "1990"]
[BlackElo "2145"]
[WhiteTeam "ANKARA"]
[BlackTeam "KAYSERI"]
[WhiteFideId "6354904"]
[BlackFideId "6307493"]
[EventDate "2016.01.30"]

1. e4 d6 2. d4 Nd7 3. Nc3 c6 4. f4 g6 5. Nf3 Bg7 6. Be3 Ngf6 7. h3 O-O 8. e5 Nd5
9. Nxd5 cxd5 10. Qd2 Nb6 11. b3 Bf5 12. Bd3 Bxd3 13. cxd3 a5 14. O-O f6 15. g4
a4 16. Qb2 Qd7 17. Rab1 a3 18. Qd2 Nc8 19. Rbe1 Na7 20. Bf2 fxe5 21. dxe5 dxe5
22. Bxa7 Rxa7 23. fxe5 e6 24. d4 Qe7 25. Rc1 Raa8 26. Kg2 Rf7 27. Nh2 Raf8 28.
Rxf7 Qxf7 29. Rf1 Qd7 30. Rxf8+ Bxf8 31. g5 Qb5 32. Ng4 Bg7 33. Qc2 Bf8 34. h4
Qc6 35. Qd2 Be7 36. Nh6+ Kf8 37. Ng4 1/2-1/2

[Event "Turkish Cup 2016"]
[Site "Manavgat TUR"]
[Date "2016.02.04"]
[Round "8.16"]
[White "Tasdogen, Dincer"]
[Black "Ererdem, Gani Eren"]
[Result "1/2-1/2"]
[WhiteElo "1984"]
[BlackElo "2152"]
[WhiteTeam "ANTALYA"]
[BlackTeam "KARAMAN"]
[WhiteFideId "6367097"]
[BlackFideId "6310915"]
[EventDate "2016.01.30"]

1. e4 g6 2. d4 Bg7 3. Nf3 d6 4. Nc3 a6 5. a4 Nf6 6. h3 O-O 7. Be3 Nc6 8. d5 Nb8
9. Bc4 c6 10. O-O Qc7 11. Qe2 a5 12. Bd4 Nbd7 13. dxc6 bxc6 14. e5 dxe5 15. Nxe5
Nb6 16. Bd3 Nbd5 17. Nxd5 Nxd5 18. Bc4 Be6 19. b3 Nf4 20. Qe3 Bxc4 21. bxc4 Ne6
22. Bc3 c5 23. Rfe1 Ra6 24. Rab1 Rb8 25. Rb5 Rd8 26. Nf3 Bxc3 27. Qxc3 f6 28.
Qe3 Rad6 29. Qe4 Kf7 30. g3 R8d7 1/2-1/2

[Event "Turkish Cup 2016"]
[Site "Manavgat TUR"]
[Date "2016.02.04"]
[Round "8.17"]
[White "Donmez, Yusuf"]
[Black "Kesgin, Halit Kaan"]
[Result "1/2-1/2"]
[WhiteElo "2071"]
[BlackElo "1893"]
[WhiteTeam "KARAMAN"]
[BlackTeam "IZMIR"]
[WhiteFideId "6301967"]
[BlackFideId "6349137"]
[EventDate "2016.01.30"]

1. d4 d5 2. Nf3 Nf6 3. Bf4 c5 4. e3 Nc6 5. Nbd2 e6 6. c3 Bd6 7. Bg3 Bxg3 8. hxg3
Qe7 9. Ne5 Nd7 10. Ndf3 Ndxe5 11. Nxe5 Nxe5 12. dxe5 Bd7 13. Qg4 f5 14. Rxh7
fxg4 15. Rxh8+ Kf7 16. Rxa8 d4 17. O-O-O dxe3 18. fxe3 Bc6 19. Rc8 Qg5 20. Rc7+
Kg8 21. Rc8+ Kf7 22. Rc7+ Kg8 23. Rc8+ Kf7 24. Rc7+ 1/2-1/2

[Event "Turkish Cup 2016"]
[Site "Manavgat TUR"]
[Date "2016.02.04"]
[Round "8.18"]
[White "Yazici, Ugur Doga"]
[Black "Metin, Oguz"]
[Result "1-0"]
[WhiteElo "1965"]
[BlackElo "2134"]
[WhiteTeam "ANKARA"]
[BlackTeam "BURDUR"]
[WhiteFideId "6363342"]
[BlackFideId "6307850"]
[EventDate "2016.01.30"]

1. e4 c5 2. Nf3 d6 3. d4 cxd4 4. Qxd4 Nc6 5. Bb5 Bd7 6. Bxc6 Bxc6 7. Nc3 e6 8.
Bg5 Nf6 9. Qd3 Be7 10. Nd4 Qa5 11. Bd2 Qb6 12. O-O-O O-O 13. f4 Rac8 14. Rhg1 d5
15. e5 Ne4 16. Be3 Nxc3 17. Qxc3 Qa6 18. Kb1 Bb5 19. Qe1 Rc4 20. b3 Bb4 21. bxc4
Bxe1 22. cxb5 Qa4 23. Rgxe1 Rc8 24. Bc1 Qb4+ 25. Bb2 Rc4 26. Re3 h6 27. Rb3 Qc5
28. Rdd3 Qe7 29. g3 Qc5 30. c3 Ra4 31. a3 Rc4 32. Rb4 Kh7 33. Kc2 Kg8 34. Rb3
Kh7 35. Bc1 Qe7 36. Be3 Qc7 37. Ne2 Ra4 38. Bd4 Kg6 39. g4 Qe7 40. f5+ Kg5 41.
Ng1 Kxg4 42. f6 gxf6 43. exf6 Qd6 44. Nf3 Rxa3 45. Ne5+ Kf5 46. Rf3+ Ke4 47. Rb4
Qxb4 48. Re3+ Kf5 49. Rf3+ Ke4 50. cxb4 Rxf3 51. Nxf3 Kxf3 52. Kd3 Kf4 53. Be3+
Kf5 54. Bxh6 e5 55. Bg7 Kf4 56. Bf8 Kf5 57. Be7 Kf4 58. Bd8 Kf5 59. h4 e4+ 60.
Ke3 Ke5 61. Bc7+ Kxf6 62. Kd4 Ke6 63. h5 f5 64. h6 Kf6 65. Bf4 1-0

[Event "Turkish Cup 2016"]
[Site "Manavgat TUR"]
[Date "2016.02.04"]
[Round "8.19"]
[White "Kiremitciyan, Ari"]
[Black "Zor, Alber Kadir"]
[Result "1/2-1/2"]
[WhiteElo "1998"]
[BlackElo "2134"]
[WhiteTeam "ISTANBUL"]
[BlackTeam "ANKARA"]
[WhiteFideId "6373445"]
[BlackFideId "6353169"]
[EventDate "2016.01.30"]

1. Nf3 Nf6 2. c4 c5 3. d4 cxd4 4. Nxd4 g6 5. Nc3 d5 6. e3 Bg7 7. Qa4+ Nbd7 8.
cxd5 O-O 9. d6 e5 10. Ndb5 Nb6 11. Qa5 Be6 12. Nc7 Rc8 13. Nxe6 fxe6 14. Qxe5
Kh8 15. Qxe6 Re8 16. Qb3 Qxd6 17. Be2 Ne4 18. Nxe4 Rxe4 19. O-O Rb4 20. Rd1 Qe7
21. Qd3 Rbc4 22. Rb1 R4c7 23. Bd2 Na4 24. Qb3 Nc5 25. Qa3 Qf7 26. Be1 b6 27.
Rbc1 a5 28. b4 axb4 29. Qxb4 Qxa2 30. Bg4 Rb8 31. Bc3 Qf7 32. Bxg7+ Qxg7 33. Qd4
Ra7 34. Rb1 Na4 35. Qd8+ Rxd8 36. Rxd8+ Qg8 37. Rxg8+ Kxg8 38. Be6+ Kf8 39. f4
Ke7 40. Bc4 h5 41. Kf2 Kd6 42. Rb5 Kc6 43. Rg5 Nc3 44. Rxg6+ Kc5 45. Bd3 Nd1+
46. Ke2 Nc3+ 47. Kf3 Nd5 48. Rg5 Ra3 49. Ke4 Ra4+ 50. Kf3 Ra3 51. Ke4 Ra4+ 52.
Ke5 Ra3 53. Ke4 Ra4+ 54. Ke5 Ra3 55. Ke4 1/2-1/2

[Event "Turkish Cup 2016"]
[Site "Manavgat TUR"]
[Date "2016.02.04"]
[Round "8.20"]
[White "Yelligedik, Murat"]
[Black "Camci, Ali Ammar"]
[Result "1-0"]
[WhiteElo "1936"]
[BlackElo "2074"]
[WhiteTeam "BURDUR"]
[BlackTeam "SAKARYA"]
[WhiteFideId "6366457"]
[BlackFideId "6305130"]
[EventDate "2016.01.30"]

1. e4 d5 2. exd5 Qxd5 3. Nc3 Qa5 4. d4 Nf6 5. Nf3 Nc6 6. Bb5 Bd7 7. Bd2 e6 8.
Ne5 Bb4 9. Nc4 Bxc3 10. Nxa5 Bxa5 11. Bxa5 Nxa5 12. Bxd7+ Nxd7 13. d5 e5 14. Qg4
f5 15. Qxg7 O-O-O 16. O-O-O Nc4 17. Qg3 Rhg8 18. Qh3 Nd6 19. f3 h5 20. Rhe1 b6
21. g3 Rh8 22. Qf1 Rdg8 23. Qa6+ Kb8 24. b4 h4 25. c4 Rg7 26. Re2 hxg3 27. hxg3
e4 28. Rb2 Nb7 29. fxe4 Rxg3 30. exf5 Rc3+ 31. Rc2 Rf3 32. Qb5 Ne5 33. d6 c5 34.
Rh2 Rd8 35. Rh7 Rc3+ 36. Kb1 Rxc4 37. Qa6 Rxb4+ 38. Ka1 Nd7 39. Re7 c4 40. Qa3
Rb5 41. Qa4 a6 42. Qxa6 Rxf5 43. Qxc4 Rc5 44. Qe4 Rcc8 45. Rb1 Nbc5 46. Qd5 Ka7
47. Rf1 Ka6 48. Rf3 b5 49. Ree3 Kb6 50. Rf1 Rc6 51. Ra3 Nb8 52. Rb1 Rcxd6 53.
Qc4 Nba6 54. Rxb5+ Kc7 55. Rxc5+ Nxc5 56. Qxc5+ Kd7 57. Qb5+ Ke7 58. Re3+ Kf7
59. Qf5+ Rf6 60. Qh7+ 1-0

[Event "Turkish Cup 2016"]
[Site "Manavgat TUR"]
[Date "2016.02.04"]
[Round "8.21"]
[White "Sari, Yasin"]
[Black "Aydin, Hasan Bora"]
[Result "1-0"]
[WhiteElo "2088"]
[BlackElo "1956"]
[WhiteTeam "ANTALYA"]
[BlackTeam "ISTANBUL"]
[WhiteFideId "6320902"]
[BlackFideId "6336612"]
[EventDate "2016.01.30"]

1. e4 c5 2. Nf3 g6 3. d4 cxd4 4. Nxd4 Nc6 5. c4 Nf6 6. Nc3 Nxd4 7. Qxd4 d6 8.
Be2 Bg7 9. Be3 O-O 10. Qd2 Be6 11. O-O Qa5 12. Rac1 Rfc8 13. b3 a6 14. f4 b5 15.
f5 Bd7 16. fxg6 hxg6 17. e5 Ne8 18. Nd5 Qd8 19. Bb6 Nc7 20. cxb5 e6 21. Bxc7 Qh4
22. Nf6+ 1-0